<?xml version="1.0" encoding="UTF-8"?>
<collection xmlns="http://www.loc.gov/MARC21/slim">
 <record>
  <leader>01782nam a22002537a 4500</leader>
  <controlfield tag="001">NCT_22498</controlfield>
  <controlfield tag="008">171122b        xxu||||| |||| 00| 0 vie d</controlfield>
  <datafield tag="999" ind1=" " ind2=" ">
   <subfield code="c">1064</subfield>
   <subfield code="d">1064</subfield>
  </datafield>
  <datafield tag="020" ind1=" " ind2=" ">
   <subfield code="c">69000</subfield>
  </datafield>
  <datafield tag="082" ind1=" " ind2=" ">
   <subfield code="2">22nd ed.</subfield>
   <subfield code="a">004.0151</subfield>
   <subfield code="b">Ph561</subfield>
  </datafield>
  <datafield tag="100" ind1="1" ind2="0">
   <subfield code="a">Nguyễn Hồng Phương</subfield>
   <subfield code="e">Chủ biên</subfield>
  </datafield>
  <datafield tag="245" ind1="1" ind2="0">
   <subfield code="a">Phân tích thiết kế hệ thống thông tin</subfield>
   <subfield code="b">Phương pháp &amp; ứng dụng</subfield>
   <subfield code="c">Nguyễn Hồng Phương, Huỳnh Minh Đức, Đoàn Thiện Ngân (hiệu đính)</subfield>
  </datafield>
  <datafield tag="520" ind1=" " ind2=" ">
   <subfield code="a">Quyển sách giới thiệu đến bạn đọc phương pháp luận để phân tích thiết kế hệ thống thông tin thông qua phương pháp Merise.</subfield>
  </datafield>
  <datafield tag="653" ind1=" " ind2=" ">
   <subfield code="a">Phân tích thiết kế hệ thống thông tin</subfield>
  </datafield>
  <datafield tag="655" ind1=" " ind2=" ">
   <subfield code="a">Công nghệ nghệ thông tin</subfield>
  </datafield>
  <datafield tag="700" ind1="1" ind2="0">
   <subfield code="a">Huỳnh Minh Đức</subfield>
  </datafield>
  <datafield tag="700" ind1="1" ind2="0">
   <subfield code="a">Đoàn Thiện Ngân</subfield>
   <subfield code="e">Hiệu đính</subfield>
  </datafield>
  <datafield tag="942" ind1=" " ind2=" ">
   <subfield code="2">ddc</subfield>
   <subfield code="c">BK</subfield>
  </datafield>
  <datafield tag="952" ind1=" " ind2=" ">
   <subfield code="0">0</subfield>
   <subfield code="1">0</subfield>
   <subfield code="2">ddc</subfield>
   <subfield code="4">0</subfield>
   <subfield code="6">004_015100000000000_PH561</subfield>
   <subfield code="7">0</subfield>
   <subfield code="9">4012</subfield>
   <subfield code="a">000001</subfield>
   <subfield code="b">000001</subfield>
   <subfield code="d">2017-11-22</subfield>
   <subfield code="o">004.0151 Ph561</subfield>
   <subfield code="p">MD.01669</subfield>
   <subfield code="r">2017-11-22</subfield>
   <subfield code="v">69000.00</subfield>
   <subfield code="w">2017-11-22</subfield>
   <subfield code="y">BK</subfield>
  </datafield>
  <datafield tag="952" ind1=" " ind2=" ">
   <subfield code="0">0</subfield>
   <subfield code="1">0</subfield>
   <subfield code="2">ddc</subfield>
   <subfield code="4">0</subfield>
   <subfield code="6">004_015100000000000_PH561</subfield>
   <subfield code="7">0</subfield>
   <subfield code="9">4013</subfield>
   <subfield code="a">000001</subfield>
   <subfield code="b">000001</subfield>
   <subfield code="d">2017-11-22</subfield>
   <subfield code="o">004.0151 Ph561</subfield>
   <subfield code="p">MD.01671</subfield>
   <subfield code="r">2017-11-22</subfield>
   <subfield code="v">69000.00</subfield>
   <subfield code="w">2017-11-22</subfield>
   <subfield code="y">BK</subfield>
  </datafield>
  <datafield tag="952" ind1=" " ind2=" ">
   <subfield code="0">0</subfield>
   <subfield code="1">0</subfield>
   <subfield code="2">ddc</subfield>
   <subfield code="4">0</subfield>
   <subfield code="6">004_015100000000000_PH561</subfield>
   <subfield code="7">0</subfield>
   <subfield code="9">4014</subfield>
   <subfield code="a">000001</subfield>
   <subfield code="b">000001</subfield>
   <subfield code="d">2017-11-22</subfield>
   <subfield code="o">004.0151 Ph561</subfield>
   <subfield code="p">MD.01672</subfield>
   <subfield code="r">2017-11-22</subfield>
   <subfield code="v">69000.00</subfield>
   <subfield code="w">2017-11-22</subfield>
   <subfield code="y">BK</subfield>
  </datafield>
  <datafield tag="952" ind1=" " ind2=" ">
   <subfield code="0">0</subfield>
   <subfield code="1">0</subfield>
   <subfield code="2">ddc</subfield>
   <subfield code="4">0</subfield>
   <subfield code="6">004_015100000000000_PH561</subfield>
   <subfield code="7">0</subfield>
   <subfield code="9">4015</subfield>
   <subfield code="a">000001</subfield>
   <subfield code="b">000001</subfield>
   <subfield code="d">2017-11-22</subfield>
   <subfield code="o">004.0151 Ph561</subfield>
   <subfield code="p">MD.01673</subfield>
   <subfield code="r">2017-11-22</subfield>
   <subfield code="v">69000.00</subfield>
   <subfield code="w">2017-11-22</subfield>
   <subfield code="y">BK</subfield>
  </datafield>
  <datafield tag="952" ind1=" " ind2=" ">
   <subfield code="0">0</subfield>
   <subfield code="1">0</subfield>
   <subfield code="2">ddc</subfield>
   <subfield code="4">0</subfield>
   <subfield code="6">004_015100000000000_PH561</subfield>
   <subfield code="7">0</subfield>
   <subfield code="9">4016</subfield>
   <subfield code="a">000001</subfield>
   <subfield code="b">000001</subfield>
   <subfield code="d">2017-11-22</subfield>
   <subfield code="o">004.0151 Ph561</subfield>
   <subfield code="p">MD.01677</subfield>
   <subfield code="r">2018-10-08</subfield>
   <subfield code="v">69000.00</subfield>
   <subfield code="w">2017-11-22</subfield>
   <subfield code="y">BK</subfield>
  </datafield>
  <datafield tag="980" ind1=" " ind2=" ">
   <subfield code="a">Thư viện Trường Đại học Nam Cần Thơ</subfield>
  </datafield>
 </record>
</collection>
